000 00694nam a22002057a 4500
999 _c5019
_d5019
003 AR-CdUCM
008 190311b ||||| |||| 00| 0 spa d
040 _aMUNICIPALIDAD PROVINCIAL DEL CUSCO
_cBIBLIOTECA MUNICIPAL DEL CUSCO
082 _a985.02 /
_bB96
100 _aBusto Duthurburu, José Antonio del
_9272
245 _aDiccionario histórico biográfico de los conquistadores del Perú /
260 _aLima :
_bStudium Ediciones,
_c1986.
300 _a428 páginas ;
_bIlustraciones,
_c24 cm.
500 _aDiccionario Histórico
650 _aDiccionario
_95196
650 _aConquista del Perú
_915343
650 _aHistoria del Perú
_9259
942 _2ddc
_cLIBROS
945 _admma